|
|
|
|
| LEADER |
02402nam a2200601 a 4500 |
| 001 |
000601570 |
| 003 |
CZ BrMZK |
| 005 |
20091116112856.0 |
| 007 |
ta |
| 008 |
020521s2002 xr e c cze d |
| 015 |
|
|
|a cnb001178734
|
| 020 |
|
|
|a 80-7035-227-2
|
| 035 |
|
|
|a (OCoLC)85033017
|
| 040 |
|
|
|a BOA001
|b cze
|
| 043 |
|
|
|a e-it---
|a e-xr---
|b e-xr-pg
|2 czenas
|
| 045 |
|
|
|a u-u-
|
| 072 |
|
7 |
|a 72/76
|x Výtvarné umění
|2 Konspekt
|9 21
|
| 080 |
|
|
|a 72/76(450)
|2 MRF
|
| 080 |
|
|
|a 7.034.7
|2 MRF
|
| 080 |
|
|
|a 725.17
|2 MRF
|
| 080 |
|
|
|a 72/76.05
|2 MRF
|
| 080 |
|
|
|a 745/749
|2 MRF
|
| 080 |
|
|
|a 72/76:069.5
|2 MRF
|
| 080 |
|
|
|a (450)
|2 MRF
|
| 080 |
|
|
|a (437.3)
|2 MRF
|
| 080 |
|
|
|a (437.311)
|2 MRF
|
| 080 |
|
|
|a (083.824)
|2 MRF
|
| 080 |
|
|
|a (082)
|2 MRF
|
| 245 |
0 |
0 |
|a Florenťané :
|b umění z doby medicejských velkovévodů : Praha, Valdštejnská jízdárna, 16.5.-18.8.2002 : Olomouc, Muzeum umění, 26.9.2002-5.1.2003 : Cheb, Galerie výtvarného umění, 14.2.-6.4.2003 /
|c Ladislav Daniel (ed.) ; [autoři statí: Tomáš Berger ... et al.]
|
| 260 |
|
|
|a Praha :
|b Národní galerie,
|c 2002
|
| 300 |
|
|
|a 176 s. :
|b il. (některé barev.) ;
|c 30 cm
|
| 500 |
|
|
|a Katalog výstavy
|
| 504 |
|
|
|a Obsahuje bibliografii
|
| 648 |
|
7 |
|a 17. století
|7 ch460555
|2 czenas
|
| 650 |
0 |
7 |
|a umělecká výzdoba
|7 ph136757
|2 czenas
|
| 650 |
0 |
7 |
|a italské výtvarné umění
|7 ph114807
|y 17. stol.
|2 czenas
|
| 650 |
0 |
7 |
|a barokní umění
|7 ph118765
|z Itálie
|2 czenas
|
| 650 |
0 |
7 |
|a umělecká řemesla
|7 ph126886
|z Itálie
|y 17. stol.
|2 czenas
|
| 650 |
0 |
7 |
|a umělecké sbírky
|7 ph135222
|z Česko
|2 czenas
|
| 650 |
0 |
7 |
|a paláce
|7 ph123916
|z Česko
|2 czenas
|
| 655 |
|
7 |
|a sborníky
|7 fd163935
|2 czenas
|
| 655 |
|
7 |
|a katalogy výstav
|7 fd132536
|2 czenas
|
| 610 |
2 |
7 |
|a Valdštejnský palác (Praha, Česko)
|7 kn20021114007
|2 czenas
|
| 651 |
|
7 |
|a Florencie (Itálie)
|7 ge134169
|2 czenas
|
| 651 |
|
7 |
|a Praha (Česko)
|7 ge118011
|2 czenas
|
| 700 |
1 |
|
|a Daniel, Ladislav,
|d 1950-
|7 jn19981000555
|4 edt
|
| 700 |
1 |
|
|a Berger, Tomáš
|7 mzk2005290135
|4 aut
|
| 710 |
2 |
|
|a Národní galerie (Praha, Česko)
|7 kn20010709071
|
| 710 |
2 |
|
|a Muzeum umění (Olomouc, Česko)
|7 kn20010709457
|
| 710 |
2 |
|
|a Státní galerie výtvarného umění (Cheb, Česko)
|7 kn20020321232
|
| 910 |
|
|
|a BOA001
|b 4-1103.869
|
| 990 |
|
|
|a BK
|
| 996 |
6 |
|
|b 2610162334
|c 4-1103.869
|l MZK
|r Sklad / do 1 hodiny
|n 5
|p p.v.
|w 000601570
|u 000010
|a 1
|e BOA001
|j MZK50
|s P
|